Logo BPK

Bibliografia Prac Pracowników

Politechniki Koszalińskiej

Uproszczenia w symulacjach komputerowych klimatu akustycznego = (Rekord nr 1431)

Szczegóły MARC
000 -ETYKIETA REKORDU
podpole kontrolne o stałej długości 01554naa a2200277 i 4500
001 - NUMER KONTROLNY REKORDU
podpole kontrolne 1431
003 - IDENTYFIKATOR NUMERU KONTROLNEGO REKORDU
podpole kontrolne KOSZ 005
005 - DATA OSTATNIEJ MODYFIKACJI REKORDU
podpole kontrolne 20180227161044.0
008 - POLE O STAŁEJ DŁUGOŚCI - DANE KONTROLNE
podpole kontrolne o stałej długości 150114s2006 pl | | |100 ||pol
040 ## - ŹRÓDŁO KATALOGOWANIA
Instytucja, która utworzyła rekord BPK
Instytucja, która dokonała modyfikacji KOSZ 005/EG
041 ## - KOD JĘZYKA
Kod języka tekstu pol
Kod języka streszczenia lub abstraktu eng
044 ## - KOD KRAJU WYDAWCY/PRODUCENTA
Kod kraju wydawcy/producenta POL
080 ## - UNIWERSALNA KLASYFIKACJA DZIESIĘTNA - UKD
UKD 620.17
100 1# - NAZWA OSOBOWA
Nazwa osobowa INGIELEWICZ, Ryszard.
Lata pracy 1996 - .
Instytucja Politechnika Koszalińska - Wydział Budownictwa i Inżynierii Środowiska,
Wydział Katedra Mechaniki Budowli
245 10 - TYTUŁ/ODPOWIEDZIALNOŚĆ
Tytuł Uproszczenia w symulacjach komputerowych klimatu akustycznego =
Ciąg dalszy tytułu Simplifications in computer simulations of an acoustic climate /
Pozostałe elementy strefy tytułu i oznaczenia odpowiedzialności Ryszard Ingielewicz, Adam Zagubień.
246 31 - WARIANT TYTUŁU
Tytuł Simplifications in computer simulations of an acoustic climate
500 ## - UWAGI OGÓLNE
Tekst uwagi Dane z autopsji.
520 ## - UWAGA DOTYCZĄCA TREŚCI DOKUMENTU
Analiza dokumentacyjna, adnotacja itp. Publikacja dotyczy możliwości uproszczeń w przygotowaniu danych do obliczeń komputerowych związanych z opracowywaniem map akustycznych dużych, złożonych z wielu obiektów i źródeł hałasu, zakładów przemysłowych.
650 #0 - HASŁO PRZEDMIOTOWE W FORMIE NAZWY OGÓLNEJ LUB JEDNOSTKOWEJ
Nazwa ogólna lub geograficzna Hałas przemysłowy.
650 #0 - HASŁO PRZEDMIOTOWE W FORMIE NAZWY OGÓLNEJ LUB JEDNOSTKOWEJ
Nazwa ogólna lub geograficzna Mapy akustyczne.
655 #0 - TERMIN INDEKSOWY - OKREŚLENIE RODZAJU/FORMY DOKUMENTU
Określnie rodzaju/formy dokumentu Materiały konferencyjne.
700 1# - HASŁO DODATKOWE - NAZWA OSOBOWA
Nazwa osobowa ZAGUBIEŃ, Adam.
Lata pracy 1996 - .
Instytucja Politechnika Koszalińska - Wydział Budownictwa i Inżynierii Środowiska,
Wydział Katedra Mechaniki Budowli
773 0# - TYTUŁ DOKUMENTU MACIERZYSTEGO
Wyrażenie wprowadzające W :
Tytuł Zeszyty Naukowe Wydziału Mechanicznego Politechniki Koszalińskiej. -
Informacje dotyczące relacji 2006, nr 38, s. 71-77
711 22 - HASŁO DODATKOWE - NAZWA IMPREZY
Nazwa imprezy Ogólnopolska Konferencja Polioptymalizacja i Komputerowe Wspomaganie Projektowania
Oznaczenie części/sekcji dzieła (24 ;
Data imprezy 2006 ;
Miejsce imprezy Koszalin / Sarbinowo, Polska).
Nazwa części/sekcji dzieła Mielno 2006
942 ## - HASŁO DODATKOWE - ELEMENTY(KOHA)
Typ dokumentu Rozdział
Schemat klasyfikacji Uniwersalna klasyfikacja dziesiętna
Egzemplarze
Wycofany Zagubiony Uszkodzony Dostępność Lokalizacja stała Lokalizacja bieżąca Sygnatura Typ dokumentu
      Dostępny Bibliografia Prac Pracowników - BPK Bibliografia Prac Pracowników - BPK 79595 Rozdział
© 2014 Biblioteka Politechniki Koszalińskiej :: BIBLIOGRAFIA PRAC PRACOWNIKÓW